| 000 | 00370 a2200145 4500 | ||
|---|---|---|---|
| 020 | _a8171698514 | ||
| 082 | _a332.02400285 | ||
| 090 |
_c4499 _d4499 |
||
| 100 | _aDeva, Vasu. | ||
| 245 |
_aE-Banking _cVasu Deva |
||
| 260 |
_aNew Delhi, India _bAjay Verma For Commonwelth Publishers _c2005 |
||
| 300 | _a228 | ||
| 500 | _ahardback | ||
| 942 |
_aNBS _cBK _k332.02400285 DEV |
||
| 999 |
_c346942 _d346942 |
||